00465nam a2200157Ia 450000500170000000800410001708200130005810000110007124500280008226000450011030000130015550000200016894200060018895200980019499900150029220250313144423.0240331s9999 xx 000 0 und d a894bTAM aGnani, 0aThamilil padeippiyakkam aBangalorebLakshmi Sundaram Kaavyac1999 a256 p ., aTamil Ilakkiyam cL 001040708LaWERCLbWERCLcSSCd2024-03-31l0o 894.811GNAp4974r2024-03-31w2024-03-31yL c4667d4667